Los oficios con los diálogos
সংরক্ষণ করুন:
| প্রধান লেখক: | |
|---|---|
| বিন্যাস: | গ্রন্থ |
| ভাষা: | স্প্যানিশ |
| প্রকাশিত: |
Madrid
Imprenta Real
1818
|
| সংস্করন: | 3a. ed |
| বিষয়গুলি: | |
| ট্যাগগুলো: |
ট্যাগ যুক্ত করুন
কোনো ট্যাগ নেই, প্রথমজন হিসাবে ট্যাগ করুন!
|
MARC
| LEADER | 00000nam a2200000 a 4500 | ||
|---|---|---|---|
| 001 | UCP3825 | ||
| 003 | CL-VaPUC | ||
| 008 | 990702e18180000SP |||||||||||||||||spa|d | ||
| 082 | 0 | 4 | |a 875 |b CIC |2 21 |
| 100 | |a Cicerón, Marco Tulio |e autor |9 255203 | ||
| 245 | 1 | 4 | |a Los oficios con los diálogos |
| 246 | 1 | 0 | |a De la vejez |
| 246 | 1 | 0 | |a De la amistad |
| 246 | 1 | 4 | |a Las paradojas |
| 246 | 1 | 3 | |a El sueño de Escipión |
| 250 | |a 3a. ed | ||
| 300 | |a v | ||
| 942 | |c BK | ||
| 945 | |d 19990702 00:00:00 |a lriquelm | ||
| 260 | |a Madrid |b Imprenta Real |c 1818 | ||
| 650 | 0 | |a Oratoria latina |9 266621 | |
| 650 | 0 | |a Oratoria |9 307605 | |
| 583 | |a last modification |c 19990702 00:00:00 |k Rodrigo Vera | ||
| 999 | |c 281981 |d 281979 | ||
| 952 | |0 0 |1 0 |4 0 |6 875_000000000000000_CIC_1818 |7 0 |8 X |9 323164 |a BIBHIS |b BIBHIS |d 2019-11-20 |h v.1 |i 1363778 |o 875 CIC 1818 |p 1363778 |r 2024-01-30 |w 2019-11-20 |y BK_X |k HIS | ||